| 000 | 00000nam##2200000za#4500 |
| 001 | 9.691368 |
| 003 | CaOODSP |
| 005 | 20210624232734 |
| 007 | cr ||||||||||| |
| 008 | 150407|2008||||xxc|||||o f|0| 0 eng|d |
| 020 | |a978-1-100-10468-3 |
| 040 | |aCaOODSP|beng |
| 043 | |an-cn--- |
| 086 | 1 |aIu44-2/2008E-PDF |
| 110 | 1 |aCanada. |bIndustry Canada. |
| 245 | 10|aCanadian fuel cell commercialization roadmap update : |h[electronic resource]|bprogress of Canada's hydrogen and fuel cell industry |
| 260 | |aOttawa - Ontario : |bIndustry Canada |cDecember 2008. |
| 300 | |a84p.|bgraphs, references, tables, photographs |
| 504 | |aBibliography. |
| 590 | |a09-37|b2009-09-11 |
| 690 | 07|aTechnology|2gcpds |
| 775 | 08|tMise à jour de la Carte routière canadienne sur la commercialisation des piles à combustible : |w(CaOODSP)9.635698 |
| 856 | 40|ahttp://publications.gc.ca|qPDF|s1132 KB|uhttps://publications.gc.ca/collections/collection_2009/ic/Iu44-2-2008E.pdf |
| 986 | |a60537E |